03853cam a22003614i 450000100090000000300090000900500170001800800410003502000290007602000260010504000430013108200250017410000360019924501280023525000190036326400680038230000450045033600260049533700280052133800270054950400520057650506300062852009260125852009270218465000570311165000380316865000400320665500170324670000410326394200120330499900170331695201580333316541614EG-ScBUE20250429103514.0101117s2011 enka f b f001 0 eng d a9780521190695 (hardback) a052119069X (hardback) aEG-ScBUEbengerdacEG-ScBUEdEG-ScBUE04a530.1410113222bINA1 aInan, Umran S.,937194eauthor.10aNumerical electromagnetics :bthe FDTD method /cUmran S. Inan, Stanford University, Robert A. Marshall, Boston University. aFirst edition. 1aCambridge, United Kingdom :bCambridge University Press,c2011. axiv, 390 pages :billustrations ;c26 cm 2rdacontentatextbtxt aunmediated2rdamediabn avolumebnc2rdacarrier aIncludes bibliographical references and index. 8 aMachine generated contents note : 1. Introduction ; 2. Review of electromagnetic theory ; 3. Partial differential equations and physical systems ; 4. The FDTD grid and the Yee algorithm ; 5. Numerical stability of finite difference methods ; 6. Numerical dispersion and dissipation ; 7. Introduction of sources ; 8. Absorbing boundary conditions ; 9. The perfectly matched laye r; 10. FDTD modeling in dispersive media ; 11. FDTD modeling in anistropic media ; 12. Some advanced topics ; 13. Unconditionally stable implicit FDTD methods ; 14. Finite-difference frequency domain ; 15. Finite volume and finite element methods. a"Beginning with the development of finite difference equations, and leading to the complete FDTD algorithm, this is a coherent introduction to the FDTD method (the method of choice for modeling Maxwell's equations). It provides students and professional engineers with everything they need to know to begin writing FDTD simulations from scratch and to develop a thorough understanding of the inner workings of commercial FDTD software. Stability, numerical dispersion, sources and boundary conditions are all discussed in detail, as are dispersive and anisotropic materials. A comparative introduction of the finite volume and finite element methods is also provided. All concepts are introduced from first principles, so no prior modeling experience is required, and they are made easier to understand through numerous illustrative examples and the inclusion of both intuitive explanations and mathematical derivations"- a"Beginning with the development of Finite Difference Equations, and leading to the complete FDTD algorithm, this is a coherent introduction to the FDTD method (the method of choice for modeling Maxwell's equations). It provides students and professional engineers with everything they need to know to begin writing FDTD simulations from scratch and to develop a thorough understanding of the inner workings of commercial FDTD software. Stability, numerical dispersion, sources, and boundary conditions are all discussed in detail, as are dispersive and anisotropic materials. A comparative introduction of the finite volume and finite element methods is also provided. All concepts are introduced from first principles, so no prior modeling experience is required, and they are made easier to understand through numerous illustrative examples and the inclusion of both intuitive explanations and mathematical derivations"- 7aElectromagnetismxComputer simulation.9372862BUEsh 7aFinite differences.9372872BUEsh 7aTime-domain analysis.9372882BUEsh vReading book1 aMarshall, Robert A.,937289eauthor. 2ddccBB c18919d18891 00102ddc40708BaccahaMAINbMAINc1STd2015-01-20epurchaseg612.00h21291l0o530.1410113 INAp000037342r2025-07-15 00:00:00v765.00w2015-01-20yBB